[Event "AUTO-OPEN-2518"]
[Site "http://www.queenalice.com/game.php?id=999284"]
[Date "2011.10.19"]
[Round "1"]
[White "toutey"]
[Black "luizpessoa"]
[Result "0-1"]
[WhiteElo "1452"]
[BlackElo "1849"]

1. d4 b6 2. c4 d5 3. g3 dxc4 4. Bg2 c6 5. Nf3 Bb7 6. Ne5 g6 7. Nxc4 b5 8. Ne5
Bg7 9. Bf4 f6 10. Nd3 Qxd4 11. Be3 Qd7 12. Nc5 Qxd1+ 13. Kxd1 Bc8 14. Nd2 Nh6
15. Bd4 O-O 16. e3 f5 17. Bxg7 Kxg7 18. Ndb3 Ng4 19. Ke2 a5 20. Nd4 Kh6 21. Nxc6
Nxc6 22. Bxc6 Ra7 23. Bxb5 Rc7 0-1

[Event "AUTO-INT-2174"]
[Site "http://www.queenalice.com/game.php?id=999419"]
[Date "2011.10.20"]
[Round "1"]
[White "toutey"]
[Black "jamba"]
[Result "0-1"]
[WhiteElo "1480"]
[BlackElo "1603"]

1. c4 d6 2. d4 f5 3. e3 Nf6 4. Nf3 g6 5. Nc3 Bg7 6. Bd3 c5 7. O-O O-O 8. e4 cxd4
9. Nxd4 fxe4 10. Nxe4 d5 11. Nxf6+ Bxf6 12. Nb5 Qb6 13. Qc2 dxc4 14. Bxc4+ Kg7
15. Be3 Qd8 16. Rad1 Bd7 17. Be6 a6 18. Nc3 Qa5 19. Bxd7 Nxd7 20. Rxd7 Rac8 21.
Rxb7 h5 0-1

[Event "AUTO-INT-2174"]
[Site "http://www.queenalice.com/game.php?id=999438"]
[Date "2011.10.20"]
[Round "1"]
[White "toutey"]
[Black "Copelli"]
[Result "0-1"]
[WhiteElo "1582"]
[BlackElo "1638"]

1. e4 e5 2. Nf3 Nf6 3. Nc3 Bb4 4. d3 Nc6 5. Be2 d6 6. O-O O-O 7. Bg5 h6 8. Bh4
Bg4 9. h3 Bxf3 10. Bxf3 g5 11. Bg3 Nd4 12. Nd5 Nxd5 13. exd5 Nxf3+ 14. Qxf3 f5
15. Qh5 Kg7 16. f4 Bc5+ 17. Kh1 exf4 18. Bxf4 gxf4 19. Rxf4 Qg5 0-1

[Event "AUTO-INT-2174"]
[Site "http://www.queenalice.com/game.php?id=999439"]
[Date "2011.10.20"]
[Round "1"]
[White "Copelli"]
[Black "toutey"]
[Result "1-0"]
[WhiteElo "1657"]
[BlackElo "1580"]

1. d4 Nf6 2. c4 e6 3. Nc3 c5 4. d5 exd5 5. cxd5 d6 6. e4 g6 7. Bd2 Bg7 8. Bd3
O-O 9. Nf3 a6 10. a4 Re8 11. O-O Nbd7 12. a5 b5 13. axb6 Qxb6 14. Na4 Qc7 15.
Nc3 Nb6 16. Bf4 Ng4 17. h3 Ne5 18. Nxe5 Bxe5 19. Bxe5 Rxe5 20. f4 Re7 21. f5
gxf5 22. exf5 f6 23. Ne4 1-0

[Event "AUTO-INT-2177"]
[Site "http://www.queenalice.com/game.php?id=1000570"]
[Date "2011.10.23"]
[Round "1"]
[White "robinud"]
[Black "toutey"]
[Result "1-0"]
[WhiteElo "1782"]
[BlackElo "1436"]

1. e4 e5 2. Nf3 Nc6 3. Bc4 Bc5 4. d3 Nf6 5. c3 d6 6. b4 Bb6 7. O-O O-O 8. a4 a6
9. Ng5 h6 10. Nxf7 Rxf7 11. Qb3 Qf8 12. Nd2 1-0

[Event "AUTO-INT-2177"]
[Site "http://www.queenalice.com/game.php?id=1000571"]
[Date "2011.10.23"]
[Round "1"]
[White "toutey"]
[Black "robinud"]
[Result "0-1"]
[WhiteElo "1434"]
[BlackElo "1784"]

1. d4 d5 2. Nc3 Nf6 3. e3 e6 4. Bd3 Bb4 5. a3 Bxc3+ 6. bxc3 b6 7. c4 c5 8. Nf3
cxd4 9. Nxd4 O-O 10. Bb2 Ba6 11. Nb5 Bxb5 12. cxb5 Nbd7 13. O-O e5 0-1

[Event "AUTO-INT-2177"]
[Site "http://www.queenalice.com/game.php?id=1000584"]
[Date "2011.10.23"]
[Round "1"]
[White "toutey"]
[Black "Vermelho"]
[Result "0-1"]
[WhiteElo "1469"]
[BlackElo "1680"]

1. Nf3 e6 2. c4 Nf6 3. Nc3 g6 4. g3 Bg7 5. Bg2 O-O 6. O-O Nc6 7. d3 d5 8. cxd5
exd5 9. d4 Re8 10. Bg5 b6 11. Qc1 Ba6 12. Re1 Qd6 13. a3 b5 14. Bf4 Qe7 15. Nxd5
Nxd5 0-1

[Event "AUTO-INT-2177"]
[Site "http://www.queenalice.com/game.php?id=1000585"]
[Date "2011.10.23"]
[Round "1"]
[White "Vermelho"]
[Black "toutey"]
[Result "1-0"]
[WhiteElo "1688"]
[BlackElo "1461"]

1. e4 c5 2. Nf3 Nc6 3. Nc3 e6 4. Bc4 d6 5. O-O Be7 6. Re1 Nf6 7. d3 a6 8. a4 O-O
9. b3 b6 10. Bg5 Bb7 11. e5 dxe5 12. Nxe5 Nxe5 13. Rxe5 Nd7 14. Bxe7 Qxe7 15.
Re3 Nf6 16. a5 1-0

[Event "Challenge"]
[Site "http://www.queenalice.com/game.php?id=1000675"]
[Date "2011.10.23"]
[Round "-"]
[White "montalvao"]
[Black "toutey"]
[Result "1-0"]
[WhiteElo "1664"]
[BlackElo "1595"]

1. e4 e6 2. d4 d5 3. e5 c5 4. c3 Nc6 5. Nf3 Qb6 6. Be2 f6 7. exf6 Nxf6 8. O-O
Bd6 9. Qe1 O-O 10. dxc5 Bxc5 11. b4 Bd6 12. Ba3 Ne5 13. Nxe5 Bxe5 14. Bd3 Qc7
15. g3 Re8 16. Bb2 Nd7 17. Na3 Qb6 18. Qe2 h6 19. Bb5 Bf6 20. Rad1 a6 21. Ba4
Qd6 22. Nc4 Qc7 23. Rxd5 exd5 24. Qxe8+ Nf8 25. Ne3 1-0

[Event "AUTO-OPEN-2521"]
[Site "http://www.queenalice.com/game.php?id=1000760"]
[Date "2011.10.23"]
[Round "1"]
[White "kpfingaz"]
[Black "toutey"]
[Result "1-0"]
[WhiteElo "1526"]
[BlackElo "1521"]

1. e4 e6 2. e5 d5 3. Nf3 c5 4. c4 dxc4 5. Bxc4 Nc6 6. Qa4 Bd7 7. Qb3 Nge7 8. O-O
Ng6 9. Re1 Na5 10. Qc2 b5 11. Bd3 c4 12. Be4 Rc8 13. Nc3 Qc7 14. Bxg6 hxg6 15.
d4 cxd3 16. Qxd3 Nc4 17. Rd1 Bc6 18. Bf4 a6 19. Rab1 Bxf3 20. Qxf3 Nxe5 21. Qe2
f6 22. Qc2 Nf3+ 23. gxf3 Qxf4 24. Qxg6+ Ke7 25. Qg2 Rc5 26. Ne2 Qc4 27. Re1 Rg5
28. Ng3 1-0

[Event "AUTO-OPEN-2521"]
[Site "http://www.queenalice.com/game.php?id=1000761"]
[Date "2011.10.23"]
[Round "1"]
[White "toutey"]
[Black "kpfingaz"]
[Result "0-1"]
[WhiteElo "1538"]
[BlackElo "1509"]

1. c4 c6 2. Nf3 d6 3. d4 Nf6 4. Nc3 Qa5 5. Bd2 Qa6 6. e4 b6 7. Bd3 Bg4 8. Qc2
Qc8 9. e5 dxe5 10. dxe5 Qe6 11. O-O-O Ng8 12. Rde1 g6 13. Nd4 Qd7 14. Be3 Bg7
15. f4 c5 16. Nde2 Nc6 17. Be4 Bf5 18. Rd1 Qc8 19. Bxf5 gxf5 20. Ng3 Nh6 21. h3
O-O 22. a3 e6 23. Qa4 Na5 24. Nb5 Qb7 25. Qc2 Nxc4 26. Qxc4 Qxg2 27. Ne2 Qf3 28.
Qd3 c4 0-1

[Event "AUTO-OPEN-2521"]
[Site "http://www.queenalice.com/game.php?id=1000802"]
[Date "2011.10.23"]
[Round "1"]
[White "jamba"]
[Black "toutey"]
[Result "1-0"]
[WhiteElo "1578"]
[BlackElo "1505"]

1. d4 Nf6 2. e3 d5 3. Bd3 c5 4. c4 e6 5. f4 Bd6 6. Nf3 Nc6 7. Nc3 O-O 8. h4 a6
9. h5 h6 10. a3 b6 11. b4 cxb4 12. axb4 Nxb4 13. Bb1 dxc4 14. g4 Nxg4 15. Be4
1-0

[Event "AUTO-OPEN-2521"]
[Site "http://www.queenalice.com/game.php?id=1000803"]
[Date "2011.10.23"]
[Round "1"]
[White "toutey"]
[Black "jamba"]
[Result "0-1"]
[WhiteElo "1492"]
[BlackElo "1591"]

1. e4 c5 2. Nf3 d6 3. d4 cxd4 4. Nxd4 Bd7 5. Nc3 Nc6 6. a3 Nf6 7. Bc4 Rc8 8. Bg5
Qb6 9. Nb3 g6 10. Qe2 Bg7 11. Be3 Qd8 12. O-O-O a5 13. Nd5 a4 14. Nd4 Ne5 15.
Ba2 e6 0-1